000 00701nam a2200229Ia 4500
003 OSt
005 20220923222059.0
006 a|||||r|||| 00| 0
007 ta
008 220922b |||||||| |||| 00| 0 hin d
024 _a202,912
037 _cTextual
040 _aARTS
_cARTS
_bhin
041 _2hin
_ahin
082 _aO157:3N12:18, 152K0(TTPH)
100 _aमिश्र, विमल; दिनेश, अनु.
_9165867
245 0 _aचलो कलकत्ता
246 _aChalo kalakattā
260 _c1966
942 _hO157:3N12:18, 152K0(TTPH)
_cTEXL
_2CC
999 _c353713
_d353713